Fr. Conceicao Rodrigues College of Engineering

Great Indians (Record no. 25065)

MARC details
000 -LEADER
fixed length control field 00318nam a2200145Ia 4500
082 ## - DEWEY DECIMAL CLASSIFICATION NUMBER
Classification number 351.812/ONE
Item number ONE
100 ## - MAIN ENTRY--PERSONAL NAME
Personal name One India one people
245 ## - TITLE STATEMENT
Title Great Indians
260 ## - PUBLICATION, DISTRIBUTION, ETC.
Name of publisher, distributor, etc. One India one people
Place of publication, distribution, etc. Mumbai
Date of publication, distribution, etc. 2006
300 ## - PHYSICAL DESCRIPTION
Extent 594
546 ## - LANGUAGE NOTE
Language note ENGLISH
650 ## - SUBJECT ADDED ENTRY--TOPICAL TERM
Topical term or geographic name entry element General
654 ## - SUBJECT ADDED ENTRY--FACETED TOPICAL TERMS
Focus term indians
942 ## - ADDED ENTRY ELEMENTS (KOHA)
Koha item type BOOK
Holdings
Withdrawn status Lost status Damaged status Not for loan Collection Home library Current library Shelving location Date acquired Source of acquisition Cost, normal purchase price Total Checkouts Full call number Barcode Date last seen Date last checked out Cost, replacement price Price effective from Koha item type
        CRC Fr. Agnel's C.Rodrigues College of Engineering Fr. Agnel's C.Rodrigues- College of Engineering   17/03/2023 One India one people 450.00 3 351.812/ONE ONE 16697 02/02/2024 02/02/2024 450.00   BOOK